000
00326nam a22001457a 4500
999
_c
7948
_d
7948
003
OSt
005
20200610110730.0
008
200610b ||||| |||| 00| 0 eng d
020
_a
9788495951854
082
_a
724.7
_b
MVR
100
_a
MVRDV
245
_a
KM3, excursions on capacities
260
_b
Actar
_c
1899
942
_2
ddc